000 00249nam a22001097a 4500
008 170118b xxu||||| |||| 00| 0 eng d
020 _a2900323031287
041 _aeng
080 _26TH
_a618.2
245 _aHEALTH PROMOTION
_cEDELMAN
942 _2udc
_cBK
999 _c3111
_d3111